000 00928cam a2200145ua 4500
041 _aeng
_h
082 _a627.86
_bIND/CR
110 1 _aIndian Standard Institution .
_bISI
_c()
245 _aCriteria for hydraulic design of groyne walls for sediment distribution at off take points in a canal IS: 7871-1975
260 _aNew Delhi :
_bIndian Standards Institution ,
_c1983.
300 _a8 ; .
504 _a
942 _cBK
999 _c6979
_d6979